=LDR 00000nam 2200000 4500 =001 INLIS000000000027123 =005 20130612125525 =008 ***********************************Ind** =035 ##$$a0010-061300000027123 =041 ##$$a Ind =082 ##$$a 813 =090 ##$$a 813, Alq =100 ##$$a Al-Qarni, Aidh Abdullah =245 ##$$a Mengikat cinta, Dr. Aidh Abdullah Al-Qarni ; penerjemah, Achmad Najieb =260 ##$$a 2006 $b Surakarta =300 ##$$a 179 hlm, 19 cm =650 ##$$a Fiksi Indonesia =850 ##$$a NBPNMAT =990 ##$$a 0001/BPAP-NTB/20142014